000 00568nam a22001937a 4500
999 _c41737
_d41737
003 OSt
005 20221105104151.0
008 221104b ||||| |||| 00| 0 eng d
020 _a8174733876
040 _coclc
050 _a576.503
_bARO/D
082 _2First edition
_a576.503
_bARO/D
100 _99260
_aArora, Himanshu
245 _aDictionary of genetics /
_cHimanshu Arora
250 _aFirst edition
260 _aDelhi
_bAITBS Publishers
_c2007
300 _a424
942 _2ddc
_cBK
_eFirst edition
_h576.503
_iARO/D
_k576.503
_mARO/D